Normal view
MARC view
- América Central
Entry Nombre Geográfico
001 - NÚMERO DE CONTROL
- campo de control: 46387
003 - IDENTIFICADOR DE NUMERO DE CONTROL
- campo de control: UPN
005 - FECHA Y HORA DE LA ÜLTIMA TRANSACCIÓN
- campo de control: 20240909164728.0
008 - DATOS DE LONGITUD FIJA
- campo de control de longitud fija: 220914nn acannaabn n ana d
040 ## - FUENTE DE CATALOGACIÓN
- Lenguaje de catalogación: SPA
- Agencia de transcripción: UPN
- Agencia de catalogación original: UPN
151 ## - ENCABEZAMIENTO - NOMBRE GEOGRÁFICO
- Nombre geográfico: América Central
- Subdivisión general : Antigüedades
670 ## - FUENTE EN LA QUE SE LOCALIZARON DATOS
- Cita de la fuente: E/P
902 ## - CATALOGADOR
- Catalogador: CAA/140922
